Oceňovanie ako nástroj účtovníctva a jeho využitie vo finančnom riadení podniku diplomová práca

Enregistré dans:
Détails bibliographiques
Auteur principal: Gažíová, Nora
Collectivité auteur: Fakulta hospodárskej informatiky EU. Katedra účtovníctva a audítorstva
Autres auteurs: Szász, Marek
Format: Livre
Langue:slovaque
Publié: Bratislava 2012
Tags: Ajouter un tag
Pas de tags, Soyez le premier à ajouter un tag!

MARC

LEADER 00000nbm a2200000 4500
001 0154698
005 20161109102138.6
041 0 |a slo 
044 |a SK 
245 1 0 |a Oceňovanie ako nástroj účtovníctva a jeho využitie vo finančnom riadení podniku  |b diplomová práca  |c Nora Gažíová ; školiteľ: Marek Szász 
264 1 |a Bratislava  |c 2012 
300 |a 60 s. 
100 1 |a Gažíová, Nora 
700 1 |a Szász, Marek 
710 2 |a Fakulta hospodárskej informatiky EU. Katedra účtovníctva a audítorstva